| 000 | 00616nam a2200217Ia 4500 | ||
|---|---|---|---|
| 003 | 0100 | ||
| 008 | 130303s9999 xx 000 0 und d | ||
| 040 | _cARRUPELIB | ||
| 050 | _aR724.E84 1976 | ||
| 100 | _aMcCarthy, Donald G. ; Moraczewski, Albert S. eds. | ||
| 245 | 3 | _aAn ethical evaluation of fetal experimentation | |
| 245 | _ban interdisciplinary study | ||
| 260 | _aSt. Louis Missouri | ||
| 260 | _bResearch and Education Center | ||
| 260 | _C1976 | ||
| 300 | _axvi | ||
| 300 | _b 137p. 26cm. | ||
| 650 | _bTallensi (African people)--Religion | ||
| 650 | _cFate and fatalism | ||
| 942 |
_2lcc _01 |
||
| 999 |
_c65010 _d65010 |
||